00807nam a22002177a 450000500170000001000140001702000110003103500130004203700130005508200110006810000300007924500820010926000420019127000730023330000300030650000400033665000350037694200250041199900170043695201360045320100803164637.0 aENG-97956 c250.00 aEN-81489 bDBAD/PUB a610.73 aMomin, Safiya Siraj95573 aParicharya :bthe nursing art, science and technique /cby Safiya Siraj Momin aKolhapurbSirajoshafi Prakashanc2010 aAjab Manzil, Plot No. 161, Ratnappa Kumbhar Nagar bKolhapure416013 a384p.:bill.c234cm (pbk) aincludes bibliographical references aNursing - social aspects95574 2ddccENh610.73mMOM c39076d39076 001040718NFICaDBADbDBADd2010-08-03eDBAD/PUBg250.00l0o610.73 MOMpEN-81489r2010-08-03 00:00:00t1v250.00w2010-08-03yEN